000 00670nam a2200205Ia 4500
001 15925
003 GE_BSU
008 181216s||||||||xx |||||||||||||| ||und||
040 _cGE_BSU
080 _a821.353.1-1 + 821.353.1-11
100 _aხოშტარია, ილია
245 _aლექსები. პოემა
245 _cრედ.ირაკლი არაბული. მხ. ვ. ჩუპრინინი
260 _aთბილისი
260 _bსახელგამი
260 _c1955
300 _a156გვ. : 1ფ. პორტრ. ; 21სმ
653 _aლექსები. პოემა
942 _cBK
999 _c49020
_d49020